Statystyki dla Quiz o województwie kujawsko-pomorskim

Kliknij tutaj aby rozwiązać quiz!

Ogólne statystyki

  • Ten quiz został rozwiązany 82 razy
  • Średni wynik to 15 z 27

Statystyki odpowiedzi

WskazówkaOdpowiedź% Poprawnych
Siedziba wojewodyBydgoszcz
99%
Województwa graniczącepomorskie
97%
Siedziba sejmikuToruń
97%
Województwa graniczącemazowieckie
94%
Województwa graniczącełódzkie
93%
Województwa graniczącewielkopolskie
92%
Województwa graniczącewarmińsko-mazurskie
89%
Najdłuższa rzekaWisła
76%
Trzecie najludniejsze miastoWłocławek
73%
Czwarte najludniejsze miastoGrudziądz
69%
Liczba gmin miejskich17
61%
Najbardziej na północ wysunięty
powiat
Powiat
{tucholski}
59%
Najbardziej na południe wysunięty
powiat
Powiat
{włocławski}
59%
Powiat z największym zalesieniemPowiat {tucholski}
59%
Liczba powiatów19
58%
Najbardziej ruchliwa drogaA1
56%
Najbardziej na wschód wysunięty
powiat
Powiat {brodnicki}
49%
Największy powiat pod względem
powierzchni
Powiat {świecki}
44%
Najbardziej na zachód wysunięty
powiat
Powiat
{sępoleński}
37%
2 powiat z najmniejszą gęstością
zaludnienia
Powiat {sępoleński}
37%
Liczba gmin miejsko-wiejskich35
34%
Najmniej zaludniony powiatPowiat
{aleksandrowski}
21%
MarszałekPiotr Całbecki
18%
WojewodaMikołaj Bogdanowicz
17%
Liczba gmin wiejskich92
13%
Najmniej zaludnione miastoGórzno
6%
Najwyższe wzniesienieCzarna Góra
3%

Rozkład punktacji

Percentyl według liczby udzielonych odpowiedzi

Procent ludzi z każdym wynikiem

Twoja historia wyników

Nie rozwiązałeś tego quizu